| 000 | 00726nmc a2200265 a 4500 | ||
|---|---|---|---|
| 003 | AR-BaBNM | ||
| 005 | 20251128205215.0 | ||
| 008 | 011101s1996 ||||||||||||||000 | spa|| | ||
| 020 | _a84-493-0253-6 | ||
| 040 | _cAR-BaBNM | ||
| 100 | 1 | _aPuig Rovira, Josep María | |
| 245 | 1 | 0 | _aLa construcción de la personalidad moral |
| 250 | _a1ª ed. | ||
| 260 |
_aBarcelona _bPaidós _c1996 |
||
| 300 |
_a269 p. _btablas |
||
| 490 | 0 |
_aPapeles de pedagogía _vv. 30 |
|
| 504 | _aBibliografía: p. 263-269 | ||
| 650 | 4 | _aEDUCACION MORAL | |
| 650 | 4 | _aVALORES MORALES | |
| 650 | 4 | _aDESARROLLO DE LA PERSONALIDAD | |
| 650 | 4 | _aTEORIAS DE LA PERSONALIDAD | |
| 653 | _aTEMAS TRANSVERSALES | ||
| 942 | _cBK | ||
| 998 | _csilvi | ||
| 999 |
_c10451 _d10451 |
||